00343nam a22001337a 4500003000400000020001800004082001800022100002600040245005100066250000800117260005400125300001000179650002000189SGT a9788131255032 a617.645bN19N aMichael, Dwarakanath  aNewman and Carranza's Clinical Periodontology  a3RD aNEW DELHI bElsevier Health Sciences, Indiac2019 a1-753 aPeriodontology